Dolník, J. - Benkovičová, J. - Jarošová, A.: Porovnávací opis lexikálnej zásoby

Bibliographic Details
Main Author: Horecký, Ján, 1920-2006 (Author)
Format: Article
Language:Slovak
Subjects:

MARC

LEADER 00000nab a2200000 a 4500
001 vtls000511163
003 SK-MaSNL
005 20260304083313.0
008 250425c1994 xo 0 slo
015 |a SNBRB19rr/mm-uuuuu 
035 |a CL0511301 
035 |a (urnnbn)urn:nbn:sk:snk:ar-00699r 
035 |a (uuid)f4bdd7a7-4525-4e56-9bcd-950ff8e6ec58 
035 |a urn:nbn:sk:snk-ab84oh 
040 |a SNKBUCL  |b slo  |c SNKBUCL  |e AACR2 
041 0 |a slo 
044 |a xo  |c SK 
080 |a 801.3  |2 1981 
100 1 |a Horecký, Ján,  |d 1920-2006  |4 aut  |9 105131 
245 1 0 |a Dolník, J. - Benkovičová, J. - Jarošová, A.: Porovnávací opis lexikálnej zásoby  |c Ján Horecký 
650 0 7 |a lexikológia konfrontačná  |x zásoba slovná  |x monografie  |x recenzie  |2 snkbucl  |9 1373696 
650 0 7 |a zásoba slovná  |x monografie  |x recenzie  |2 snkbucl  |9 1373697 
655 7 |a články z novín a časopisov  |2 snkbucl  |9 267496 
773 0 |t Jazykovedný časopis  |g Roč. 45, č. 1 (1994), s. 55-57 
787 0 8 |i Rec.:  |a Dolník, Juraj  |t Porovnávací opis lexikálnej zásoby  |d Bratislava : Veda, 1993 
850 |a Slovenská národná knižnica 
852 |a Slovenská národná knižnica 
954 |a odborná, vedecká literatúra pôvodná (slovenská)  |2 lita 
958 |a article9 
958 |a OND 
958 |a RK 
958 |a EUIPO 
992 |a RBX 
999 |c 2800213  |d 2802143